| Tag |
First Indicator |
Second Indicator |
Subfields |
| LEADER |
00000cam a2200000Ia 4500 |
| 001 |
in00002439939 |
| 005 |
20211202185556.0 |
| 006 |
m d i |
| 007 |
cr bn||||||||| |
| 008 |
080908s1997 qucb sb f000 0 eng d |
| 020 |
|
|
|a 292230504X
|
| 020 |
|
|
|a 9782922305043
|
| 035 |
|
|
|a (OCoLC)ocn246691253
|
| 040 |
|
|
|a GPO
|c GPO
|d MvI
|d UtOrBLW
|
| 043 |
|
|
|a n-mx---
|
| 049 |
|
|
|a WWW
|
| 074 |
|
|
|a 1105 (online)
|
| 086 |
0 |
|
|a Y 3.EN 8:2 P 61
|
| 110 |
2 |
|
|a Commission for Environmental Cooperation (Montréal, Québec)
|
| 245 |
1 |
0 |
|a Final factual record of the cruise ship pier project in Cozumel, Quintana Roo :
|b prepared in accordance with Article 15 of the North American Agreement on Environmental Cooperation /
|c prepared by the Secretariat of the Commission for Environmental Cooperation.
|
| 264 |
|
1 |
|a Montréal, Québec :
|b published by the Communications and Public Outreach Department of the CEC Secretariat,
|c [1997]
|
| 264 |
|
4 |
|c ©1997
|
| 300 |
|
|
|a vii, 55 pages :
|b digital, PDF file.
|
| 336 |
|
|
|a text
|b txt
|2 rdacontent
|
| 337 |
|
|
|a computer
|b c
|2 rdamedia
|
| 338 |
|
|
|a online resource
|b cr
|2 rdacarrier
|
| 490 |
1 |
|
|a Cozumel factual record ;
|v no. 1
|
| 538 |
|
|
|a Mode of access: Internet via the CEC web site. Address as of 09/08/08: http://www.cec.org/files/pdf/SEM/cozumel%5fEN.pdf ; current access available via PURL.
|
| 500 |
|
|
|a Title from title screen (viewed on Sept. 8, 2008).
|
| 504 |
|
|
|a Includes bibliographical references.
|
| 530 |
|
|
|a Also issued in print format.
|
| 500 |
|
|
|a Electronic resource.
|
| 650 |
|
0 |
|a Ecosystem management
|z Mexico
|z Cozumel.
|
| 650 |
|
0 |
|a Piers
|z Mexico
|z Cozumel
|x Design and construction.
|
| 650 |
|
0 |
|a Waterfronts
|z Mexico
|z Cozumel
|x Design and construction.
|
| 776 |
1 |
|
|a Commission for Environmental Cooperation (Montréal, Québec)
|t Final factual record of the cruise ship pier project in Cozumel, Quintana Roo
|h 55 p.
|w (OCoLC)64198256
|
| 830 |
|
0 |
|a Cozumel factual record ;
|v no. 1.
|
| 856 |
4 |
0 |
|u https://purl.fdlp.gov/GPO/LPS101635
|t 0
|
| 999 |
|
|
|a MARS
|
| 999 |
f |
f |
|s 309502ed-50ea-3124-9dc2-804fffe774ea
|i eac8b083-e11d-3951-9003-a81283e11b7c
|t 0
|
| 952 |
f |
f |
|a Texas A&M University
|b College Station
|c Electronic Resources
|d Available Online
|t 0
|e Y 3.EN 8:2 P 61
|h Superintendent of Documents classification
|
| 998 |
f |
f |
|a Y 3.EN 8:2 P 61
|t 0
|l Available Online
|